Śródlądowe Kraje Azji - Statystyki

Ogólne statystyki
  • Ten quiz został rozwiązany 10 razy
  • Średni wynik to 11 z 12
Statystyki odpowiedzi
Odpowiedź % Poprawnych
Afganistan
100%
Bhutan
100%
Kazachstan
100%
Kirgistan
100%
Mongolia
100%
Tadźykistan
100%
Turkmenistan
100%
Uzbekistan
100%
Laos
88%
Nepal
88%
Armenia
75%
Azerbejdżan
75%
Nie znaleziono quizów pasujących do podanych kryteriów
Rozkład punktacji
Procent ludzi z każdym wynikiem
Percentyl według liczby udzielonych odpowiedzi
Twoja historia wyników
Nie rozwiązałeś tego quizu